| 000 | 00881nas a2200277 4500 | ||
|---|---|---|---|
| 001 | BR2017003208 | ||
| 003 | BR-BrBNA | ||
| 005 | 20231205131146.0 | ||
| 007 | ta | ||
| 008 | 230509b bl.|||p| |||| 00| 00por d | ||
| 040 |
_aBR-BrBNA _bpor _cBiblioteca Nacional de Agricultura |
||
| 041 | _a(Pt) | ||
| 072 | _aM40 | ||
| 100 | 1 | _aLima, S.F.B. de | |
| 100 | 1 | _aBarros, J.C.N. de | |
| 100 | 1 | _aSilva, S.V. da | |
| 100 | 1 | _aSantos, M. do C.F. | |
| 100 | 1 | _aCabral, E. | |
| 245 | 1 | _aOcorrência da espécie Melanella hians (Watson, 1883)em águas profundas no estado de Pernambuco, Brasil | |
| 650 | _aGASTROPODE | ||
| 650 | _aDISTRIBUIÇÃO GEOGRÁFICA | ||
| 650 | _aPERNAMBUCO | ||
| 773 | 0 |
_tBoletim Técnico Científico do CEPENE (Brazil) _xISSN 0104-6411 _g(2015), v. 13(2) p. 151-155 _wBR2017003208 |
|
| 909 |
_a202311 _bLúcia _c55 _dLúcia Elande |
||
| 942 |
_2AGRIS _n0 _cANA |
||
| 999 |
_c253310 _d253310 |
||